00586nam a2200205Ia 450000500170000000800410001702000120005804000190007004100120008908200130010110000210011424500530013526000280018830000120021665000180022885000100024694200070025699900170026395201000028020240806114841.0131103s9999 xx 000 0 und d cRs.3.50 aLoreto College aEnglish a822bGAL aGalsworthy, John aStrifeb a drama in three acts cJohn Galsworthy aLondonbDuckworthc1973 a124 p.  aEnglish Drama aLCBED cBK c29671d80150 00102ddc4070aMAINbMAINd2013-11-04l0o822 GAL 10592pB32521r2013-11-04w2013-11-04yBKf